MARC보기
LDR00000nam c2200205 c 4500
001000000341315
00520260416092040
007ta
008260415s2019 ggk r 00a kor
020 ▼a 9788925413723 ▼g 93370 : ▼c \20000(합산가)
040 ▼a 248032 ▼c 248032 ▼d 248032
0490 ▼l EM111950 ▼v 2 ▼l EM111951 ▼v 2 ▼c 2
056 ▼a 370.713 ▼2 4
090 ▼a 370.713 ▼b 나57ㄱ2
24520 ▼a (예비교사를 위한) 교육실습 포트폴리오 / ▼d 나승일, ▼e 이명훈, ▼e 박미화, ▼e 한홍진, ▼e 김인곤, ▼e 임호권, ▼e 황영덕 공저
250 ▼a 2판
260 ▼a 파주 : ▼b 교육과학사, ▼c 2019
300 ▼a 91 p. ; ▼c 23 cm
653 ▼a 예비교사 ▼a 교육실습 ▼a 교육실습일지
7001 ▼a 나승일, ▼e 저
7001 ▼a 이명훈, ▼e 공저
7001 ▼a 박미화, ▼e 공저
7001 ▼a 한홍진, ▼e 공저
7001 ▼a 김인곤, ▼e 공저
7001 ▼a 임호권, ▼e 공저
7001 ▼a 황영덕, ▼e 공저
9500 ▼b \20000(합산가)
990 ▼a 관리자2 ▼b 관리자2